000
00274nam a22001097a 4500
082
_a
620.7 OXL'S
100
_a
OXLEY, A
_9
80483
245
_a
SCIENCE FOR ENGINEERING STUDENTS TWO YEAR GENERAL COURSE
260
_a
LONDON
_b
EDWARD ARNOLD
_c
1966
300
_a
328P
942
_c
BK
999
_c
585408
_d
585408